Missing Word: Mystery Actresses Quiz Stats

 Plays Quiz Updated Jun 22, 2012

Support Sporcle.
Go Orange.
Score 0/20 Timer 02:00
1 Play Today
Missing Word % Correct
Kung
97.8%
Man
93.4%
Smith
93%
Miss
92.3%
Bride
91.4%
Love
89.7%
Croft
89.3%
Angelina Jolie
88.6%
Wedding
87.2%
Erin
87%
Missing Word % Correct
Ocean's
86.1%
Julia Roberts
82.7%
Sandra Bullock
82.7%
Shallow
77.4%
Girl
75.1%
Blind
74.7%
Gwyneth Paltrow
71.1%
Royal
68.6%
Control
67.4%
Notice
63.5%

Today's Daily Dose

You're not logged in!

Compare scores with friends on all Sporcle quizzes.
OR
Log In

From the Vault

Which Name Goes First? II

by Qaqaq

This is for all those celebrities who have last names that are also first names.
Remove Ads.
Support Sporcle.
Get the best of Sporcle when you Go Orange. This ad-free experience offers more features, more stats, and more fun while also helping to support Sporcle. Thank you for becoming a member.

Show Comments

Extras

Top Quizzes Today


Score Distribution

Your Account Isn't Verified!

In order to create a playlist on Sporcle, you need to verify the email address you used during registration. Go to your Sporcle Settings to finish the process.

Report this User

Report this user for behavior that violates our Community Guidelines.

Details: